| 000 | 01000nam a2200301 i 4500 | ||
|---|---|---|---|
| 003 | CO-BoRNBP | ||
| 005 | 20220316235750.0 | ||
| 007 | ta | ||
| 008 | 200326s2001 it gr 000 0 spa d | ||
| 020 | _a888840502X | ||
| 040 |
_aCO-BoRNBP _bspa _erda _cCO-BoRNBP |
||
| 041 | 0 | _aspa | |
| 084 | _aN ALV2 | ||
| 100 | 1 |
_aÁlvaro, Corrado _d1895-1956 _eautor |
|
| 245 | 1 | 0 |
_aGente del Aspromonte _cCorrado Alvaro ; traducido por Mayerín Bello Valdés |
| 250 | _aPrimera edición | ||
| 264 | 1 |
_aCesena, Italia _bArci Solidariet… Cesenate _c2001 |
|
| 300 |
_a112 páginas _bilustraciones _c23 cm |
||
| 336 |
_atexto _btxt _2rdacontent |
||
| 337 |
_asin mediación _bn _2rdamedia |
||
| 338 |
_avolumen _bnc _2rdacarrier |
||
| 490 | 0 | _aUn mar de sueños | |
| 650 | 1 | 7 |
_aNovela italiana _ySiglo XX _2ARMARC |
| 650 | 1 | 7 |
_aLiteratura italiana _ySiglo XX _2ARMARC |
| 651 | 4 |
_aAspromonte (Calabria, Italia) _xProblemas sociales _9206346 |
|
| 700 | 1 |
_aBello Valdés, Mayerín _etraductor _9206347 |
|
| 942 |
_2loc _cBK |
||
| 999 |
_c2088 _d2088 |
||